Grandes dominicanos / (Registro nro. 13871)

Detalles MARC
000 -LIDER
fixed length control field 01086nam a2200313 a 4500
001 - NÚMERO DE CONTROL
Identificador de número de control
003 - IDENTIFICACDOR DE NÚMERO DE CONTROL
control field DO-SdBNP
005 - DATE AND TIME OF LATEST TRANSACTION
control field 20220202103902.0
007 - CAMPOS FIJOS DE DESCRIPCIÓN FÍSICA
fixed length control field 000039188
008 - ELEMENTOS DE LONGITUD FIJA
fixed length control field 130607s1997 dr c 000 0 spa d
020 ## - ISBN
International Standard Book Number 8489539480(v.4)
020 ## - ISBN
International Standard Book Number 8489539669 (v.5)
040 ## - FUENTE DE CATALOGACIÓN
Agencia que crea de manera original el registro BPMSU
Idioma de catalogación spa
Agencia que realiza la transcripción BPMSU
082 ## - NÚMERO DE CLASIFICACIÓN DECIMAL DE DEWEY
Edition number R920.7293
Classification number M385g 1998
Item number 22
100 1# - ASIENTO PRINCIPAL -- NOMBRE PERSONAL
Nombre personal Martínez, Carlos T.
Fechas asociadas con el nombre 1945-
245 10 - MENCIÓN DE TITULO
Título Grandes dominicanos /
Mención de responsabilidad Carlos T. Martínez ; prólogo Mariano Lebrón Saviñon
260 ## - PUBLICACIÓN, DISTRIBUCIÓN, ETC. (PIE DE IMPRENTA)
Lugar de publicación, distribución, etc Santo Domingo :
Nombre del editor, distribuidor, etc. Banco Gerencial & Fiduciario,
Fecha de publicación, distribución, etc 1997-
300 ## - DESCRIPCIÓN FÍSICA
Extensión vs. :
Otros detalles físicos retrs. ;
Dimensiones 24 cm.
500 ## - NOTA GENERAL
Nota general Incluye datos biográficos del autor en las solapas
500 ## - NOTA GENERAL
Nota general Del v.1-v.6 publicados por el Banco Fundiciario; v.7-v.15, v.18 Producciones Catemar
500 ## - NOTA GENERAL
Nota general La biblioteca posee los v. 5,8 y 9
590 ## - NOTA LOCAL
Enlace Inventariado, 2021/VM
651 #4 - ENCABEZAMIENTO DE MATERIA--NOMBRE GEOGRÁFICO
Nombre geográfico República Dominicana
Subdivisión de forma Biografías
700 1# - ASIENTO SECUNDARIO -- NOMBRE PERSONAL
Término de relación Lebrón Saviñon, Mariano
Nombre personal pról.
710 2# - ASIENTO SECUNDARIO -- NOMBRE CORPORATIVO
Nombre corporativo o de jurisdicción Banco Gerencial y Fiduciario (República Dominicana)
910 ## - VALIDACIÓN
Validación VMateo V.
942 ## - ADDED ENTRY ELEMENTS (KOHA)
Source of classification or shelving scheme Dewey Decimal Classification
Koha item type Libros
956 ## - LOCAL ELECTRONIC LOCATION AND ACCESS (OCLC)
Nombre de host
Existencias
Withdrawn status Lost status Source of classification or shelving scheme Damaged status Not for loan Collection code Home library Current library Date acquired Source of acquisition Full call number Barcode Date last seen Copy number Price effective from Koha item type
    Dewey Decimal Classification     Colección de Referencia Dominicana Biblioteca Pública Metropolitana Salomé Ureña Biblioteca Pública Metropolitana Salomé Ureña 11/15/2021 Alanna Rodríguez BPMSU CDR R920.7293 M385g 1998 BPMSU21110084 11/15/2021 v.5 11/15/2021 Libros
    Dewey Decimal Classification     Colección de Referencia Dominicana Biblioteca Pública Metropolitana Salomé Ureña Biblioteca Pública Metropolitana Salomé Ureña 11/15/2021   BPMSU CDR R920.7293 M385g 1997 BPMSU22020005 02/02/2022 v.4 11/15/2021 Libros
    Dewey Decimal Classification     Colección de Referencia Dominicana Biblioteca Pública Metropolitana Salomé Ureña Biblioteca Pública Metropolitana Salomé Ureña 11/15/2021 CERTV BPMSU CDR R920.7293 M385g 1998 BPMSU22050060 05/25/2022 V.5, e.2 11/15/2021 Referencia